Dame Alice Owens School Song Lyrics - Statistics

General Stats
  • This quiz has been taken 81 times
  • The average score is 160 of 288
Answer Stats
Lyrics % Correct
a
90%
A
90%
On
90%
on
90%
On,
90%
never
82%
Never
82%
the
82%
The
82%
let
81%
Owen's
81%
Owen's -
81%
your
81%
many
79%
Owenians.
79%
Owenians,
79%
strive
79%
At
77%
field
77%
fray.
77%
we
77%
attend
76%
cool
76%
of
76%
School,
76%
School
76%
Success
76%
will
76%
will,
76%
with
76%
With
76%
An
74%
For
74%
for
74%
honour
74%
play;
74%
play
74%
remembered
74%
and
73%
And
73%
ardour
71%
fought
71%
fought -
71%
to
71%
To
71%
won!
71%
game
68%
game.
68%
Have
68%
well
68%
don
66%
but
65%
done.
65%
is
65%
yield
65%
lose
63%
times
61%
as
60%
before
55%
years
55%
bid
53%
by.
53%
good
53%
players
53%
goodbye,
52%
spirit
52%
Then
52%
they
52%
in
50%
In
50%
roll
47%
mantles
45%
Their
45%
their
45%
our
44%
comrades
40%
cast
39%
still
39%
they've
39%
When
35%
win
31%
live
29%
us
29%
thus
27%
aim,
26%
sole
26%
Though
26%
are
24%
old
24%
stimulate
24%
yet,
24%
team
23%
that
23%
All
21%
gone,
21%
one;
21%
whole
21%
life
19%
names
19%
selfish
19%
days
18%
How
18%
how
18%
shun.
18%
works
18%
back
16%
far
16%
match
16%
shall
16%
away.
15%
doth
15%
future
15%
games;
15%
gaze!
15%
Her
15%
look
15%
memory
15%
now
15%
relies
15%
those
15%
was
15%
Wholeheartedly
15%
youthful
15%
beget,
13%
despair
13%
heroes
13%
much
13%
pride
13%
reflect
13%
strength
13%
truly
13%
useful
13%
eager
11%
learn
11%
pleasure
11%
these
11%
drives
10%
effect
10%
Fame,
10%
feel
10%
fight
10%
grand
10%
prize.
10%
strife;
10%
taught.
10%
This
10%
indeed
8%
pastime
8%
sterner
8%
succeed
8%
'Tis
8%
ancient
6%
claims.
6%
life's
6%
glory
5%
maintain -
5%
ourselves
5%
No matching quizzes found
Score Distribution
Percent of People with Each Score
Percentile by Number Answered
Your Score History
You have not taken this quiz